[Event "Frankfurt Ch 2011"]
[Site "Ffm-Kalbach, LAZ"]
[Date "2011.06.14"]
[Round "7.29"]
[White "Schmitt, Hans Walter"]
[Black "Ostermeier, Thorsten"]
[Result "1-0"]
[WhiteElo "2130"]
[BlackElo "1936"]
[PlyCount "107"]
[EventDate "2011.??.??"]
[WhiteTeam "Chess Tigers Schach-Förderverein"]
[BlackTeam "Sfr. Frankfurt 1921"]

1. d4 d5 2. c4 e6 3. Nc3 Nf6 4. cxd5 exd5 5. Bf4 c6 6. Qc2 Bd6 7. Bg5 Be7 8. e3
Bg4 9. Bd3 Nbd7 10. Nge2 Rc8 11. h3 Bh5 12. Nf4 Bg6 13. Nxg6 hxg6 14. O-O Qc7
15. Rac1 Bd6 16. Rfe1 O-O 17. a3 Rfe8 18. b4 b5 19. Qb3 Qb8 20. Re2 Ne4 21.
Bxe4 dxe4 22. Rec2 Nb6 23. Ne2 Nc4 24. Bf4 Re6 25. Rd1 Qb7 26. Bxd6 Rxd6 27.
Ng3 Re6 28. Nf1 Ra8 29. Nd2 Nb6 30. Rdc1 a5 31. Ra2 Qe7 32. Rca1 Kh7 33. bxa5
Rxa5 34. Qc2 Ra4 35. Qc1 c5 36. dxc5 Rc6 37. Rc2 Nd7 38. Nb3 Ne5 39. Nd4 Rc8
40. c6 Nd3 41. Qb1 b4 42. axb4 Rxb4 43. Qa2 Rb6 44. Qa5 Rb4 45. Qa6 Rbb8 46.
Qc4 Qf6 47. Rf1 Rb6 48. c7 Qe7 49. Nb5 Rb7 50. Qc6 Rbxc7 51. Nxc7 Nb4 52. Qc5
Qxc5 53. Rxc5 Nd3 54. Rc3 1-0

[Event "Frankfurt Ch 2011"]
[Site "Ffm-Kalbach, LAZ"]
[Date "2011.06.14"]
[Round "7.30"]
[White "Zimmer, Gerald"]
[Black "Kreiling, Carsten"]
[Result "0-1"]
[WhiteElo "1944"]
[BlackElo "2129"]
[PlyCount "90"]
[EventDate "2011.??.??"]
[WhiteTeam "SC Bergen-Enkheim 1922"]
[BlackTeam "SVG Eppstein 1932"]

1. d4 c5 2. Nf3 cxd4 3. Nxd4 g6 4. e4 Bg7 5. c3 Nc6 6. Be3 Nf6 7. f3 O-O 8. Be2
d5 9. Nxc6 bxc6 10. exd5 Nxd5 11. Bf2 Bh6 12. O-O Ne3 13. Qc1 Ng4 14. Qe1 Nxf2
15. Qxf2 Qb6 16. Qxb6 axb6 17. f4 Be6 18. a3 Rfd8 19. g3 Rd6 20. Rd1 Rxd1+ 21.
Bxd1 Rd8 22. Be2 Bf5 23. Kf2 e5 24. fxe5 Bc1 25. b4 Be6 26. c4 b5 27. Nc3 Bb2
28. Rd1 Ra8 29. Nb1 bxc4 30. Rd6 Bd5 31. b5 Bxe5 32. Rd7 c3 33. Nxc3 Bxc3 34.
bxc6 Bxc6 35. Rc7 Bd4+ 36. Ke1 Be8 37. Bc4 Rxa3 38. Rc8 Re3+ 39. Kd2 Re7 40.
Bb5 Kf8 41. Kd3 Bg1 42. h3 f5 43. Ba4 Kf7 44. Bb3+ Kf6 45. h4 Bf2 0-1

[Event "Frankfurt Ch 2011"]
[Site "Ffm-Kalbach, LAZ"]
[Date "2011.06.14"]
[Round "7.31"]
[White "Kolker, Vladislav"]
[Black "Fröhlich-Dill, Astrid"]
[Result "1-0"]
[WhiteElo "2104"]
[BlackElo "1919"]
[PlyCount "83"]
[EventDate "2011.??.??"]
[WhiteTeam "Sfr.1891 Friedberg"]
[BlackTeam "SV 1920 Hofheim"]

1. e4 c5 2. Nf3 Nc6 3. d4 cxd4 4. Nxd4 e6 5. Nc3 a6 6. Be3 Nf6 7. Bd3 Ne5 8. h3
b5 9. a3 Nc4 10. Bxc4 bxc4 11. e5 Ng8 12. O-O Qa5 13. f4 Rb8 14. Qe2 Qc7 15.
Rab1 Bb7 16. Qf2 g6 17. Rbe1 Ne7 18. Ndb5 axb5 19. Nxb5 Qc6 20. Nd6+ Kd8 21.
Bb6+ Qc7 22. Nxf7+ Kc8 23. Bxc7 Kxc7 24. Nxh8 Nf5 25. Nf7 Bd5 26. Qa7+ Rb7 27.
Qa5+ Rb6 28. Kh2 Be7 29. g4 Nd4 30. Qc3 Nb5 31. Qd2 Bc5 32. c3 Rb8 33. Kg3 Na7
34. f5 gxf5 35. gxf5 Rg8+ 36. Kh2 Nc6 37. f6 Rf8 38. Ng5 d6 39. Qxd5 exd5 40.
Ne6+ Kc8 41. Nxf8 dxe5 42. Ne6 1-0

[Event "Frankfurt Ch 2011"]
[Site "Ffm-Kalbach, LAZ"]
[Date "2011.06.14"]
[Round "7.32"]
[White "Richter, Tobias"]
[Black "Ottenburg, Ralph"]
[Result "1-0"]
[WhiteElo "2099"]
[BlackElo "1950"]
[PlyCount "75"]
[EventDate "2011.??.??"]
[WhiteTeam "SV Merseburg e. V."]
[BlackTeam "Sfr. Frankfurt 1921"]

1. e4 e5 2. Nf3 Nc6 3. Bb5 a6 4. Ba4 Nf6 5. O-O Be7 6. Re1 b5 7. Bb3 d6 8. c3
O-O 9. h3 Na5 10. Bc2 c5 11. d4 Nd7 12. Nbd2 exd4 13. cxd4 cxd4 14. Nxd4 Bf6
15. N2f3 Ne5 16. Nxe5 dxe5 17. Nf3 Bb7 18. Qe2 Rc8 19. Bd3 Rc7 20. Bd2 Rd7 21.
Rad1 Rxd3 22. Bxa5 Qxa5 23. Rxd3 Qxa2 24. Rd6 Bd8 25. Red1 Ba5 26. Nxe5 Bc3 27.
Nd3 b4 28. e5 b3 29. Kf1 a5 30. bxc3 Qa3 31. Qb2 Qa4 32. Kg1 Qe4 33. f3 Qc4 34.
Kh1 a4 35. Rd4 Qa6 36. Nc5 Qg6 37. Nxb7 Qc2 38. R4d2 1-0

[Event "Frankfurt Ch 2011"]
[Site "Ffm-Kalbach, LAZ"]
[Date "2011.06.14"]
[Round "7.34"]
[White "Meiser, Nicolas"]
[Black "Göbel, Andreas"]
[Result "1/2-1/2"]
[WhiteElo "1725"]
[BlackElo "2032"]
[PlyCount "62"]
[EventDate "2011.??.??"]
[WhiteTeam "SV Lahn Limburg"]
[BlackTeam "SC Brett vor'm Kopp Ffm"]

1. d4 Nf6 2. Nf3 d5 3. e3 c6 4. Bd3 Bg4 5. Nbd2 e6 6. O-O Nbd7 7. b3 Bd6 8. Bb2
Qc7 9. h3 h5 10. c4 b6 11. e4 dxe4 12. Nxe4 Nxe4 13. Bxe4 Nf6 14. Bd3 Bxf3 15.
Qxf3 Be7 16. Rfe1 Kf8 17. Rad1 Rd8 18. Bb1 g5 19. d5 g4 20. Qe2 cxd5 21. cxd5
gxh3 22. dxe6 Rxd1 23. Rxd1 Rg8 24. Bxf6 Rxg2+ 25. Kf1 Bxf6 26. Qxh5 fxe6 27.
Qxh3 Rh2 28. Qf3 Ke7 29. Qe4 Rh4 30. Qg2 Rh2 31. Qe4 Rh4 1/2-1/2

[Event "Frankfurt Ch 2011"]
[Site "Ffm-Kalbach, LAZ"]
[Date "2011.06.14"]
[Round "7.35"]
[White "Rondonuwu, Grover"]
[Black "Kuhn, Luis"]
[Result "1-0"]
[WhiteElo "2020"]
[BlackElo "1786"]
[PlyCount "73"]
[EventDate "2011.??.??"]
[WhiteTeam "Frankfurter TV 1860"]
[BlackTeam "SV 1929 Raunheim"]

1. e4 e5 2. Nf3 Nc6 3. Bb5 a6 4. Ba4 Nf6 5. O-O Be7 6. d4 b5 7. Bb3 Nxd4 8.
Nxd4 exd4 9. e5 Ne4 10. Bd5 Nc5 11. Bxa8 c6 12. Qxd4 O-O 13. Nc3 f6 14. exf6
Rxf6 15. Be3 d5 16. Nxd5 cxd5 17. Qxd5+ Qxd5 18. Bxd5+ Kf8 19. Rad1 Bg4 20. Rd2
Ne6 21. h3 Bh5 22. g4 Bf7 23. f4 Bc5 24. Bxc5+ Nxc5 25. Bxf7 Kxf7 26. Rd5 Rc6
27. Re1 Na4 28. Rd7+ Kf6 29. Ree7 Nxb2 30. Rxg7 Rxc2 31. Rxh7 Ke6 32. Rhe7+ Kf6
33. Rf7+ Ke6 34. g5 Nd3 35. Rfe7+ Kf5 36. Rxd3 Kxf4 37. g6 1-0

[Event "Frankfurt Ch 2011"]
[Site "Ffm-Kalbach, LAZ"]
[Date "2011.06.14"]
[Round "7.36"]
[White "Hillgärtner, Walter"]
[Black "Gräbner, Walter"]
[Result "1/2-1/2"]
[WhiteElo "1931"]
[BlackElo "2053"]
[PlyCount "74"]
[EventDate "2011.??.??"]
[WhiteTeam "SC Bad Nauheim"]
[BlackTeam "SC 1961 König Nied"]

1. d4 Nf6 2. Bf4 d5 3. e3 c5 4. c3 Qb6 5. Qb3 c4 6. Qc2 Nc6 7. Nd2 e6 8. h3 Be7
9. Ngf3 Qd8 10. Be2 O-O 11. O-O b5 12. e4 dxe4 13. Nxe4 Nxe4 14. Qxe4 Bb7 15.
Qc2 Na5 16. Nd2 Bd5 17. Bf3 Rc8 18. Rfe1 Nc6 19. Bxd5 Qxd5 20. Qe4 Bf6 21. Qxd5
exd5 22. Nf3 Rfe8 23. Kf1 a5 24. Rxe8+ Rxe8 25. a3 Re6 26. Nd2 a4 27. Re1 Be7
28. Rxe6 fxe6 29. Ke2 Kf7 30. Nf3 h6 31. Kd1 g5 32. Bd2 Bd6 33. Ke2 e5 34. dxe5
Bxe5 35. Be3 Ke6 36. g4 Bf6 37. Bc5 Bg7 1/2-1/2

[Event "Frankfurt Ch 2011"]
[Site "Ffm-Kalbach, LAZ"]
[Date "2011.06.14"]
[Round "7.37"]
[White "Perlitz, Sven"]
[Black "Neumann, Manfred"]
[Result "1-0"]
[WhiteElo "2094"]
[BlackElo "1768"]
[PlyCount "61"]
[EventDate "2011.??.??"]
[WhiteTeam "SC 1961 König Nied"]
[BlackTeam "SC 1961 König Nied"]

1. e4 c5 2. c3 d5 3. exd5 Qxd5 4. d4 Nf6 5. Nf3 Bg4 6. Be2 e6 7. h3 Bh5 8. O-O
Be7 9. Be3 cxd4 10. cxd4 O-O 11. Nc3 Qa5 12. Qb3 Nbd7 13. Rfd1 Rac8 14. d5 Nc5
15. Bxc5 Bxc5 16. g4 Bg6 17. dxe6 fxe6 18. Bc4 Bxf2+ 19. Kxf2 Nxg4+ 20. hxg4
Rxf3+ 21. Kxf3 Rf8+ 22. Kg2 Qc5 23. Bxe6+ Kh8 24. Rf1 Re8 25. Qa3 Qc6+ 26. Bd5
Qc8 27. Rf4 h6 28. Re1 Rd8 29. Ref1 Kh7 30. Qb4 b6 31. Rf8 1-0

[Event "Frankfurt Ch 2011"]
[Site "Ffm-Kalbach, LAZ"]
[Date "2011.06.14"]
[Round "7.38"]
[White "Calvi, Stefan"]
[Black "Nagel, Norbert"]
[Result "1-0"]
[WhiteElo "1993"]
[BlackElo "1758"]
[PlyCount "71"]
[EventDate "2011.??.??"]
[WhiteTeam "Sfr. Frankfurt 1921"]
[BlackTeam "SC Bad Nauheim"]

1. e4 d5 2. exd5 Qxd5 3. Nc3 Qa5 4. Bc4 c6 5. d3 Nf6 6. Bd2 e6 7. Nd5 Qd8 8.
Nxf6+ Qxf6 9. Bc3 Qh6 10. Nf3 Bd6 11. Qe2 b5 12. Bb3 Nd7 13. Bd2 Bf4 14. O-O-O
Nc5 15. Nd4 Bd7 16. h4 Bxd2+ 17. Rxd2 Qf4 18. c3 Nxb3+ 19. Nxb3 Qd6 20. d4 a5
21. Qe5 Qxe5 22. dxe5 Ke7 23. Nc5 Rhd8 24. Nb7 Rdb8 25. Nd6 c5 26. Nxf7 Ra7 27.
Ng5 h6 28. Ne4 Rc7 29. Rh3 c4 30. Rg3 Kf8 31. Rd4 b4 32. Nd6 Be8 33. Rf4+ Kg8
34. Rxc4 Rxc4 35. Nxc4 bxc3 36. Rxc3 1-0

[Event "Frankfurt Ch 2011"]
[Site "Ffm-Kalbach, LAZ"]
[Date "2011.06.14"]
[Round "7.39"]
[White "Thomele, Michael"]
[Black "Klein, Markus"]
[Result "1/2-1/2"]
[WhiteElo "1905"]
[BlackElo "1874"]
[PlyCount "99"]
[EventDate "2011.??.??"]
[WhiteTeam "SC 1959 Obernau"]
[BlackTeam "SC 1979 Hattersheim"]

1. e4 d5 2. exd5 Qxd5 3. Nc3 Qa5 4. d4 Nf6 5. Bc4 c6 6. Nf3 Bf5 7. Bd2 e6 8.
Nh4 Bg6 9. Nxg6 hxg6 10. Qe2 Qc7 11. d5 cxd5 12. Nxd5 Nxd5 13. Bxd5 Nc6 14. Bb3
O-O-O 15. c3 Rxh2 16. O-O-O Bc5 17. Qe4 Rxh1 18. Rxh1 Qe5 19. Qh4 Qe2 20. Bf4
Bxf2 21. Qh3 Qe4 22. Qf3 Qxf3 23. gxf3 e5 24. Bd2 f5 25. Rh7 f4 26. Rxg7 Be3
27. Bxe3 fxe3 28. Bc4 Rd6 29. Rh7 a6 30. Rh1 Rf6 31. Bd5 Ne7 32. Be4 b6 33. a4
Kc7 34. Rh7 Kd6 35. Kc2 b5 36. axb5 axb5 37. Rh2 Kd7 38. Kd3 Nf5 39. Bxf5+ gxf5
40. Kxe3 Kc7 41. Rh8 Kd6 42. Rc8 Rf7 43. Rb8 Kc6 44. b4 Rf6 45. Rc8+ Kb6 46.
Rc5 Re6 47. f4 exf4+ 48. Kxf4 Rc6 49. Rxf5 Rxc3 50. Ke5 1/2-1/2

[Event "Frankfurt Ch 2011"]
[Site "Ffm-Kalbach, LAZ"]
[Date "2011.06.14"]
[Round "7.40"]
[White "Lebermann, Hellmuth"]
[Black "Larem, Peter"]
[Result "1-0"]
[WhiteElo "2016"]
[BlackElo "1919"]
[PlyCount "55"]
[EventDate "2011.??.??"]
[WhiteTeam "SK Bad Homburg 1927"]
[BlackTeam "SG Rödermark/Eppertshausen"]

1. e4 e5 2. d4 exd4 3. Nf3 Nc6 4. Bc4 Bc5 5. O-O d6 6. c3 Bg4 7. Qb3 Bxf3 8.
Bxf7+ Kf8 9. Bxg8 Rxg8 10. gxf3 Ne5 11. cxd4 Bxd4 12. f4 Ng4 13. Qg3 Nf6 14.
Qd3 c5 15. Nc3 g5 16. fxg5 h6 17. Ne2 hxg5 18. Nxd4 cxd4 19. Qxd4 Qe7 20. f3
Nh5 21. Kh1 Rd8 22. Bd2 Qh7 23. Rg1 Rh8 24. Rg2 g4 25. fxg4 Ng3+ 26. Kg1 Nxe4
27. Re1 Nxd2 28. Qf6+ 1-0

[Event "Frankfurt Ch 2011"]
[Site "Ffm-Kalbach, LAZ"]
[Date "2011.06.14"]
[Round "7.41"]
[White "Bötticher, Tim"]
[Black "Faqiry, Ramat"]
[Result "1-0"]
[WhiteElo "2056"]
[BlackElo "1977"]
[PlyCount "69"]
[EventDate "2011.??.??"]
[WhiteTeam "Lübecker SV von 1873"]
[BlackTeam "SV Oberursel"]

1. e4 c6 2. d4 d5 3. Nc3 dxe4 4. Nxe4 Nd7 5. Ng5 Qa5+ 6. Bd2 Qd5 7. Be2 Qxd4 8.
N1f3 Qd5 9. O-O h6 10. Nh3 g5 11. Ne1 Bg7 12. c4 Qd6 13. Qc2 Ngf6 14. Rd1 Qc7
15. f4 Nc5 16. Nd3 Nxd3 17. Bxd3 Bxh3 18. gxh3 gxf4 19. Bxf4 e5 20. Bxe5 Qe7
21. Kh1 Nh5 22. Bc3 O-O-O 23. Rf5 Qe3 24. Bxg7 Nxg7 25. Rxf7 Ne6 26. Qe2 Qxe2
27. Bxe2 Rxd1+ 28. Bxd1 Ng5 29. Bg4+ Kb8 30. Re7 h5 31. h4 hxg4 32. hxg5 g3 33.
g6 Rxh2+ 34. Kg1 Rd2 35. g7 1-0

[Event "Frankfurt Ch 2011"]
[Site "Ffm-Kalbach, LAZ"]
[Date "2011.06.14"]
[Round "7.42"]
[White "Krüger, Till"]
[Black "Richter, Wolfram"]
[Result "1-0"]
[WhiteElo "2063"]
[BlackElo "1544"]
[PlyCount "91"]
[EventDate "2011.??.??"]
[WhiteTeam "SC Nidderau"]
[BlackTeam "SK Bad Sooden-Allendorf"]

1. e4 c5 2. Nf3 Nc6 3. Bb5 a6 4. Bxc6 bxc6 5. O-O d6 6. d3 e5 7. h3 Be7 8. Nbd2
f5 9. Nc4 f4 10. Bd2 a5 11. Qe1 Be6 12. Bxa5 Qb8 13. b3 h6 14. Bd2 Nf6 15. a4
O-O 16. Qe2 Nd7 17. Rab1 Ra7 18. Rfd1 Qe8 19. Nh2 Qg6 20. Kh1 Qe8 21. f3 Nf6
22. Be1 Nh7 23. Bf2 Rd7 24. Rg1 Ng5 25. Qe1 Bxh3 26. gxh3 Nxh3 27. Rg4 Kh7 28.
Qf1 Qh5 29. Bh4 Ng5 30. Bxg5 hxg5 31. Rg2 Kg6 32. Kg1 Rh8 33. Ng4 Qh4 34. Qe1
Qh1+ 35. Kf2 Qxe1+ 36. Rxe1 Bf6 37. Rh2 Re8 38. Reh1 d5 39. Nd2 Bd8 40. Rh8
Ree7 41. Rf8 Ba5 42. Ke2 Rb7 43. Rhh8 Rb4 44. Re8 Rxe8 45. Rxe8 dxe4 46. Nxe4
1-0

[Event "Frankfurt Ch 2011"]
[Site "Ffm-Kalbach, LAZ"]
[Date "2011.06.14"]
[Round "7.43"]
[White "Midanka, Vladimir"]
[Black "Noblé, Alexander"]
[Result "0-1"]
[WhiteElo "1712"]
[BlackElo "2045"]
[PlyCount "132"]
[EventDate "2011.??.??"]
[WhiteTeam "vereinslos"]
[BlackTeam "SC Bad Nauheim"]

1. Nf3 Nf6 2. d4 e6 3. c4 b6 4. g3 Bb7 5. Bg2 Be7 6. Nc3 Ne4 7. Qc2 Nxc3 8.
Qxc3 O-O 9. O-O f5 10. Ne1 Bxg2 11. Nxg2 Bf6 12. Qd3 Nc6 13. e3 Qe8 14. f4 Kh8
15. Bd2 Ne7 16. Bc3 Qh5 17. Ne1 Rae8 18. Nf3 Ng8 19. Rae1 Bd8 20. e4 fxe4 21.
Qxe4 Nf6 22. Qe2 Kg8 23. Ne5 Qxe2 24. Rxe2 Be7 25. f5 exf5 26. Rxf5 Bd6 27. Re1
c6 28. Ref1 Bxe5 29. dxe5 Ne4 30. Rxf8+ Rxf8 31. Rxf8+ Kxf8 32. Bd4 Kf7 33. b3
Ke6 34. Kg2 Ng5 35. g4 Nf7 36. Kg3 Nxe5 37. h3 g6 38. Bc3 d5 39. Kf4 Nf7 40.
cxd5+ Kxd5 41. h4 a6 42. h5 b5 43. hxg6 hxg6 44. Bf6 c5 45. Bc3 Nd6 46. Bb2 Ne4
47. Ke3 c4 48. bxc4+ bxc4 49. Bg7 Nc5 50. Bh8 Nd3 51. a3 a5 52. Bc3 a4 53. Bg7
Ne5 54. Kf4 Nc6 55. Ke3 Na7 56. Bc3 Nb5 57. Bb4 Ke5 58. Bc5 c3 59. Kd3 Kf4 60.
g5 Kxg5 61. Be3+ Kf5 62. Kc4 Ke4 63. Bc1 Nd4 64. Bh6 Ne2 65. Bg5 c2 66. Kb4 Nf4
0-1

[Event "Frankfurt Ch 2011"]
[Site "Ffm-Kalbach, LAZ"]
[Date "2011.06.14"]
[Round "7.44"]
[White "Kulenovic, Adnan"]
[Black "Bittner, Peter"]
[Result "1-0"]
[WhiteElo "1799"]
[BlackElo "1956"]
[PlyCount "43"]
[EventDate "2011.??.??"]
[WhiteTeam "SK Springer Rodenbach"]
[BlackTeam "SC 1961 König Nied"]

1. d4 c6 2. Nc3 d5 3. e4 dxe4 4. f3 e5 5. dxe5 Qxd1+ 6. Nxd1 exf3 7. Nxf3 f6 8.
Bc4 b5 9. Bb3 Nd7 10. exf6 Ngxf6 11. Nd4 Bb7 12. Ne6 Rc8 13. Nxf8 Kxf8 14. O-O
Nc5 15. Bg5 Nce4 16. Be3 c5 17. Be6 Rd8 18. Nc3 Ke7 19. Bf5 a6 20. Rae1 Nxc3
21. Bxc5+ Kf7 22. Re7+ 1-0

[Event "Frankfurt Ch 2011"]
[Site "Ffm-Kalbach, LAZ"]
[Date "2011.06.14"]
[Round "7.45"]
[White "Gutacker, Stephan"]
[Black "Winter, Olaf"]
[Result "0-1"]
[WhiteElo "1949"]
[BlackElo "1675"]
[PlyCount "54"]
[EventDate "2011.??.??"]
[WhiteTeam "Sfr.1932 Kelkheim"]
[BlackTeam "SK Bickenbach"]

1. e4 e6 2. d4 g6 3. Nf3 Bg7 4. Bg5 Ne7 5. Nc3 h6 6. Be3 a6 7. a4 d6 8. Qd2 Nd7
9. Bc4 b6 10. O-O Bb7 11. b4 Nf6 12. e5 Ng4 13. h3 Nxe3 14. Qxe3 Nf5 15. Qd3
Bxf3 16. Qxf3 Nxd4 17. Qd3 Bxe5 18. f4 Bg7 19. Bxa6 O-O 20. Rab1 Nxc2 21. Bb7
Rb8 22. Qxc2 Rxb7 23. a5 bxa5 24. bxa5 Qa8 25. Rxb7 Qxb7 26. Ra1 Ra8 27. Ra2
Rxa5 0-1

[Event "Frankfurt Ch 2011"]
[Site "Ffm-Kalbach, LAZ"]
[Date "2011.06.14"]
[Round "7.46"]
[White "Makilla, Tobias"]
[Black "Koch, Thomas"]
[Result "0-1"]
[WhiteElo "1937"]
[BlackElo "1938"]
[PlyCount "99"]
[EventDate "2011.??.??"]
[WhiteTeam "Sfr.1932 Kelkheim"]
[BlackTeam "SV 1934 Ffm-Griesheim"]

1. e4 e6 2. d4 d5 3. Nd2 c5 4. exd5 cxd4 5. dxe6 Bxe6 6. Ngf3 Nc6 7. Nb3 Bb4+
8. Bd2 Qb6 9. Be2 Nf6 10. O-O Rd8 11. Bg5 Be7 12. Qd3 a6 13. Rfe1 Nb4 14. Qd1
Nc6 15. Bd3 O-O 16. Be4 h6 17. Bh4 Rd7 18. Bg3 Rfd8 19. Bd3 Bb4 20. Rf1 Bg4 21.
h3 Be6 22. Ne5 Nxe5 23. Bxe5 Ne8 24. Qf3 Bd5 25. Qf5 g6 26. Qf4 Bxb3 27. Qxh6
f6 28. axb3 fxe5 29. Bc4+ Rd5 30. Rad1 Bf8 31. Qh4 Qf6 32. Qe4 Nc7 33. Rfe1 Kh7
34. Bxd5 Rxd5 35. c4 Rd7 36. Qxb7 Rf7 37. f3 Ne6 38. Qd5 Bg7 39. Re4 Nf4 40.
Qa5 Qg5 41. Rd2 Nxh3+ 42. Kf1 Nf4 43. c5 Nd5 44. Rf2 Qc1+ 45. Re1 Qf4 46. Qxa6
Ne3+ 47. Ke2 e4 48. Rh1+ Bh6 49. Qd6 d3+ 50. Ke1 0-1

[Event "Frankfurt Ch 2011"]
[Site "Ffm-Kalbach, LAZ"]
[Date "2011.06.14"]
[Round "7.48"]
[White "Frank, Andreas"]
[Black "Imelmann, Esther"]
[Result "1/2-1/2"]
[WhiteElo "1833"]
[BlackElo "1790"]
[PlyCount "66"]
[EventDate "2011.??.??"]
[WhiteTeam "Biebertaler SF"]
[BlackTeam "SV Mainz-Mombach"]

1. e4 e6 2. d4 d5 3. Nc3 Bb4 4. e5 Qd7 5. a3 Bxc3+ 6. bxc3 b6 7. Qg4 g6 8. h4
Ba6 9. Ne2 h5 10. Qf3 c5 11. Bg5 Nc6 12. Qf4 Nce7 13. Rh3 Nf5 14. Ng3 Bxf1 15.
Nxf5 gxf5 16. Kxf1 Ne7 17. Bxe7 Qxe7 18. Rg3 O-O-O 19. a4 cxd4 20. cxd4 Qb4 21.
Rb3 Qa5 22. Qe3 Kb7 23. Rb5 Qa6 24. Qa3 Rc8 25. Qb3 Rc6 26. Ra2 Rhc8 27. a5 Rc3
28. Qb1 Rxc2 29. Rxc2 Rxc2 30. Qb4 Rc4 31. Qe7+ Rc7 32. Qb4 Rc4 33. Qe7+ Rc7
1/2-1/2

[Event "Frankfurt Ch 2011"]
[Site "Ffm-Kalbach, LAZ"]
[Date "2011.06.14"]
[Round "7.49"]
[White "Genis, Roy"]
[Black "Lanz, Jürgen"]
[Result "1-0"]
[WhiteElo "1935"]
[BlackElo "1564"]
[PlyCount "73"]
[EventDate "2011.??.??"]
[WhiteTeam "Sfr. Frankfurt 1921"]
[BlackTeam "SC 1979 Hattersheim"]

1. e4 e5 2. Nf3 Nf6 3. Nxe5 d6 4. Nf3 Nxe4 5. d4 d5 6. Bd3 Nc6 7. O-O Be7 8. c4
Nb4 9. cxd5 Nxd3 10. Qxd3 Qxd5 11. Nc3 Nxc3 12. bxc3 Bf5 13. Qe3 Qe4 14. Re1
Qxe3 15. Rxe3 c6 16. Ba3 Be6 17. Bxe7 Kxe7 18. Ng5 Kf6 19. Ne4+ Ke7 20. Nc5 Kd6
21. Nxb7+ Kd5 22. Re5+ Kc4 23. Rc5+ Kd3 24. Rxc6 Kc2 25. c4 Kb2 26. Re1 Rhe8
27. Nd6 Bd7 28. Nxe8 Bxc6 29. Nd6 Kxa2 30. d5 Bd7 31. Re7 Ba4 32. Rb7 Bb3 33.
f3 a5 34. Kf2 a4 35. Ke3 a3 36. Nb5 Bxc4 37. Nc3+ 1-0

[Event "Frankfurt Ch 2011"]
[Site "Ffm-Kalbach, LAZ"]
[Date "2011.06.14"]
[Round "7.51"]
[White "Zepuntke, Thomas"]
[Black "Bergmann, Michael"]
[Result "1/2-1/2"]
[WhiteElo "1745"]
[BlackElo "1511"]
[PlyCount "153"]
[EventDate "2011.??.??"]
[WhiteTeam "vereinslos"]
[BlackTeam "vereinslos"]

1. d4 Nf6 2. Nf3 b5 3. g3 Bb7 4. Bg2 e6 5. O-O c5 6. c3 d5 7. a4 b4 8. Re1 c4
9. cxb4 Bxb4 10. Bd2 a5 11. Nc3 O-O 12. e3 Nbd7 13. Qc2 Rb8 14. Ne5 Nxe5 15.
dxe5 Nd7 16. e4 d4 17. Nb5 Nxe5 18. Bf4 d3 19. Qd1 Qf6 20. Rf1 Rbd8 21. Qh5 Ng6
22. Bc7 Qxb2 23. Bxd8 Rxd8 24. Qg5 Qf6 25. Qe3 Ba6 26. Nc7 Bc8 27. Rfd1 d2 28.
Bf1 c3 29. Bd3 Ne5 30. Bc2 Nf3+ 31. Kh1 Nd4 32. Ra2 Nxc2 33. Rxc2 Qd4 34. Qxd4
Rxd4 35. f3 Bd7 36. Nb5 Bxb5 37. axb5 Rd8 38. Kg2 Rb8 39. Kf1 Rxb5 40. Ke2 Rb7
41. Rb1 f5 42. Kd1 fxe4 43. Rxc3 Bxc3 44. Rxb7 exf3 45. Rb1 e5 46. Kc2 Bb4 47.
Kd3 Kf7 48. Ke3 e4 49. Kxe4 f2 50. Ke3 Kf6 51. Kxf2 Ke5 52. Ke3 g5 53. Kd3 h5
54. h3 h4 55. gxh4 gxh4 56. Rg1 Kf4 57. Ke2 Ke5 58. Rg4 Kf5 59. Rxh4 Kg6 60.
Kd1 Kg5 61. Rd4 Kh5 62. Kc2 Kg5 63. h4+ Kh5 64. Re4 Bc3 65. Rc4 Bb4 66. Kd1 Kh6
67. Re4 Kh5 68. Rd4 Kh6 69. Rd5 Bc3 70. Kc2 Bb4 71. h5 Kh7 72. Re5 Kh6 73. Rb5
Bc3 74. Kd1 Bb4 75. Rd5 Bc3 76. Kc2 Bb4 77. Kb3 1/2-1/2

[Event "Frankfurt Ch 2011"]
[Site "Ffm-Kalbach, LAZ"]
[Date "2011.06.14"]
[Round "7.52"]
[White "Rehn, Hans Peter"]
[Black "Crnjac, Zdravco"]
[Result "1-0"]
[WhiteElo "1921"]
[BlackElo "1482"]
[PlyCount "92"]
[EventDate "2011.??.??"]
[WhiteTeam "SK Gründau"]
[BlackTeam "TSG Nieder-Erlenbach 1888"]

1. e4 d6 2. d4 e6 3. c4 b6 4. Nc3 h6 5. Be3 Ne7 6. Qd2 Bb7 7. f3 Nd7 8. Bd3 g6
9. Nge2 Bg7 10. O-O-O a6 11. Kb1 c5 12. d5 e5 13. Bc2 g5 14. Ba4 Ng6 15. Ng3
Qc7 16. Nf5 Bf8 17. h4 gxh4 18. Nxh4 Ne7 19. g4 O-O-O 20. Ng2 Ng8 21. Rh2 Bg7
22. Rdh1 Rf8 23. g5 f5 24. gxh6 Bf6 25. exf5 Bd8 26. f4 exf4 27. Nxf4 Rxf5 28.
Ne6 Qb8 29. Bxd7+ Kxd7 30. Qg2 Bf6 31. Qg4 Ne7 32. Ne4 Be5 33. Rh5 Rg8 34. Ng7
Kc7 35. Rxf5 Bc8 36. Qh5 Bxg7 37. Rf7 Bf8 38. h7 Rh8 39. Rxf8 Rxf8 40. h8=Q Bf5
41. Kc1 Bxe4 42. Qg7 Qe8 43. Qxe8 Rxe8 44. Rh8 Kd7 45. Rxe8 Kxe8 46. Bg5 Nf5
1-0

[Event "Frankfurt Ch 2011"]
[Site "Ffm-Kalbach, LAZ"]
[Date "2011.06.14"]
[Round "7.53"]
[White "Plattner, Rolf"]
[Black "Muthig, Holger"]
[Result "0-1"]
[WhiteElo "1919"]
[BlackElo "1496"]
[PlyCount "116"]
[EventDate "2011.??.??"]
[WhiteTeam "SK Langen"]
[BlackTeam "vereinslos"]

1. e4 c6 2. d4 d5 3. exd5 cxd5 4. Bd3 Nf6 5. c3 Nc6 6. Bf4 Qb6 7. Qe2 Bg4 8. f3
Bh5 9. Nh3 Bg6 10. Nf2 Bxd3 11. Nxd3 e6 12. O-O Be7 13. Kh1 O-O 14. Nd2 Rac8
15. Rfd1 Na5 16. Rab1 Bd6 17. Ne5 Qc7 18. Nf1 Nh5 19. Bd2 Nc4 20. Nxc4 Qxc4 21.
Qxc4 Rxc4 22. g3 Nf6 23. Kg2 Rfc8 24. Ne3 R4c6 25. Rdc1 b5 26. b3 Ra6 27. Rc2
Rac6 28. a4 b4 29. c4 dxc4 30. Nxc4 Bf8 31. Rcc1 Nd5 32. Kf2 g6 33. Na5 Rc2 34.
Nc4 Rxc1 35. Rxc1 Bg7 36. Ne5 Rxc1 37. Bxc1 f6 38. Nc6 f5 39. Be3 a6 40. Ke2
Kf7 41. Kd3 Ke8 42. Nb8 Nc7 43. Bf4 Nd5 44. Bd6 a5 45. Bc5 Bf6 46. Nc6 Bd8 47.
h3 Bc7 48. Ne5 g5 49. h4 gxh4 50. gxh4 h5 51. Kc4 Ne3+ 52. Kb5 Ng2 53. Ng6 Kf7
54. Ne5+ Bxe5 55. dxe5 Nxh4 56. Be3 Nxf3 57. Kxa5 h4 58. Bf4 h3 0-1

[Event "Frankfurt Ch 2011"]
[Site "Ffm-Kalbach, LAZ"]
[Date "2011.06.14"]
[Round "7.54"]
[White "Schmitt, Roland"]
[Black "Weber, Axel"]
[Result "1-0"]
[WhiteElo "1893"]
[BlackElo "1452"]
[PlyCount "37"]
[EventDate "2011.??.??"]
[WhiteTeam "SK Großsachsen"]
[BlackTeam "Sfr. Frankfurt 1921"]

1. e4 c6 2. d4 d5 3. e5 Bf5 4. g4 Bg6 5. h4 h5 6. e6 fxe6 7. Bd3 Bxd3 8. Qxd3
Nh6 9. Qg6+ Nf7 10. Nf3 Qa5+ 11. c3 c5 12. Ne5 cxd4 13. Nxf7 dxc3 14. Nxh8+ Kd7
15. Nxc3 d4 16. Bd2 dxc3 17. Bxc3 Qa6 18. O-O-O+ Kc7 19. Qe8 1-0

[Event "Frankfurt Ch 2011"]
[Site "Ffm-Kalbach, LAZ"]
[Date "2011.06.14"]
[Round "7.55"]
[White "Jordake, Michael"]
[Black "Bock, Mario"]
[Result "0-1"]
[WhiteElo "1710"]
[BlackElo "1551"]
[PlyCount "89"]
[EventDate "2011.??.??"]
[WhiteTeam "SC Bergen-Enkheim 1922"]
[BlackTeam "Sfr. Frankfurt 1921"]

1. e4 c5 2. Nc3 d6 3. g3 Nc6 4. Bg2 g6 5. d3 Bg7 6. f4 e6 7. Nf3 Nge7 8. O-O
O-O 9. Be3 Rb8 10. Qd2 b5 11. a3 a5 12. h3 Bd7 13. g4 b4 14. axb4 axb4 15. Nd1
f5 16. exf5 exf5 17. g5 Nd5 18. Bf2 Nc7 19. Rb1 Ne6 20. Ne3 Ne7 21. Nc4 Bc6 22.
Rfe1 Qd7 23. c3 bxc3 24. bxc3 Nd5 25. d4 Rfe8 26. Bg3 Rxb1 27. Rxb1 Nxc3 28.
Qxc3 Nxd4 29. Qa3 Ra8 30. Qe3 Nxf3+ 31. Bxf3 Bd4 32. Qxd4 cxd4 33. Nb6 Qb7 34.
Bxc6 Qxc6 35. Nxa8 Qxa8 36. Bf2 Qe4 37. Rb4 Qxf4 38. h4 Qc1+ 39. Kg2 d3 40.
Rb8+ Kf7 41. Rb6 Ke6 42. Bg3 f4 43. Bh2 Qd2+ 44. Kh1 Qe1+ 45. Kg2 0-1